000 00530nam a2200181Ia 4500
999 _c10541
_d10541
003 OSt
005 20191218120712.0
008 190216s9999||||xx |||||||||||||| ||und||
020 _a9788171882120
040 _coclc
082 _a338.954
_bKAP/I
100 _aKapila, Uma
_9489
245 0 _aIndia`s Economy In the 21st Century /
_cRaj Kapila ; Uma Kapila
260 _bAcademic Foundation,
_c2001.
_aDelhi:
300 _a360p
650 _aEconomics
942 _cBK
_2ddc
_h338.954
_iKAP/I
_k338.954
_mKAP/I